Universal's Legal GK : for all competitive examinations/ (Record no. 139511)

MARC details
000 -LEADER
fixed length control field 00890nam a22002297a 4500
005 - DATE AND TIME OF LATEST TRANSACTION
control field 20170504170517.0
008 - FIXED-LENGTH DATA ELEMENTS--GENERAL INFORMATION
fixed length control field 170504b xxu||||| |||| 00| 0 eng d
010 ## - LCCN (DPL NO)
LC control number B-670060
020 ## - INTERNATIONAL STANDARD BOOK NUMBER
International Standard Book Number 9788131250600
Terms of availability 325.00
035 ## - SYSTEM CONTROL NUMBER
System control number B-670060
037 ## - SOURCE OF ACQUISITION
Source of stock number/acquisition RP/Purchase
040 ## - CATALOGING SOURCE
Original cataloging agency dpl
Language of cataloging en
082 ## - DEWEY DECIMAL CLASSIFICATION NUMBER
Classification number 340
100 ## - MAIN ENTRY--PERSONAL NAME
Personal name Arora, Manish
245 ## - TITLE STATEMENT
Title Universal's Legal GK : for all competitive examinations/
Statement of responsibility, etc by Manish Arora
250 ## - EDITION STATEMENT
Edition statement 25th
260 ## - PUBLICATION, DISTRIBUTION, ETC. (IMPRINT)
Place of publication, distribution, etc Haryana
Name of publisher, distributor, etc Universal Law Publishing
Date of publication, distribution, etc 2017
270 ## - ADDRESS
Address 14th floor, Building No. 10, Tower-B, DLF Cyber City, Phase-II,
City Gurgaon
Postal code 122002
Telephone number +91 1244774444
300 ## - PHYSICAL DESCRIPTION
Extent 261p.
Dimensions 24x18cm.
942 ## - ADDED ENTRY ELEMENTS (KOHA)
Source of classification or shelving scheme Dewey Decimal Classification
Item type English Books
Edition 25th
Classification part 340
Call number suffix ARO
Holdings
Withdrawn status Lost status Source of classification or shelving scheme Damaged status Not for loan Collection code Home library Current library Date acquired Source of acquisition Cost, normal purchase price Total Checkouts Full call number Barcode Date last seen Copy number Cost, replacement price Koha item type
    Dewey Decimal Classification     Non-fiction Sarojini Nagar Sarojini Nagar 04/05/2017 Pansy Books/1645/30.3.17/DPL/ZLS/RP/2016-17/2/723/23.03.17/24.04.17 325.00   340 ARO B-670060 04/05/2017 1 325.00 English Books

© Delhi Public Library
Hit Counter
free hit counter